000 01265cam a22001694a 4500
005 20250605163700.0
008 250528s ||||||||||||||||||||||||d
035 _a24219
040 _aGR-AtMCL
_bgre
_dGR-AtMCL
_eAACR2
245 1 _aΈνα Μέλλον για τους Γεωργούς της Ευρώπης
260 _bΕπιτροπή Των Ευρωπαϊκών Κοινοτήτων
_bΥπηρεσία Των Ευρωπαϊκών Κοινοτήτων,
_c1993
300 _a8
520 _aΤα Επιτεύματα της Κοινής Γεωργικής Πολιτικής, Οι Προκλήσεις της Αλλαγής, Η Διαδικασία της Αναμόρφωσης, Δημοσιονομικές Δαπάνες της Κοινότητας για ην Κοινή Γεωργική Πολιτική, Το Αποτέλεσμα της Αναμόρφωσης, Εξέλιξη των Τιμών των Γεωργικών Προϊόντων - Τιμή κατά την Παράγωγή και Κατά την Κατανάλωση, Η Κοινή Γεωργική Πολιτική και η Ελλάδα, Η Αναμόρφωση της ΚΓΓ και η Ελληνική Γεωργία.
942 _cCR
999 _c9112
_d9112